000 00612nam a2200157 4500
008 170517b xxu||||| |||| 00| 0 eng d
020 _a0-415-16450-8
082 _21998
_aDC 337.1
_bJ82
100 _920878
_aJovanović, Miroslav N., 1957-
245 _aInternational economic integration :
_blimits and prospects /
_cMiroslav N. Jovanovic ; foreword by Richard G. Lipsey
260 _aLondon :
_bRoutledge,
_c©1998.
300 _axxii, 446 pages :
_billustrations ;
_c24 cm
500 _aIncludes bibliographical references and index
650 0 _920880
_aInternational economic integration
942 _2ddc
_cDC
999 _c6898
_d6898